000 00632cam a2200229 4500
001 J106959
008 000000n1994 000 0 eng u
035 _a(Sirsi) u106959
050 _a332.6324
110 _aInvestment Property Databank
_92288
245 _aIPD property investors digest 1994 - May 1994
260 _aLondon
_bInvestment Property Databank
_c1994
300 _a167p ; 30cm
650 _aINDUSTRIAL PROPERTY
650 _aOFFICES
650 _aPROPERTY INVESTMENT
650 _aPROPERTY PERFORMANCE
650 _aSHOPS
650 _aSTATISTICS
690 _aPROPERTY-COMMERCIAL PROPERTY
942 _n0
999 _c100645
_d100645